000 00897nam a2200301 a 4500
001 000044361
003 DO-SdBPM
005 20250610123619.0
007 000044361
008 140624s2008 dr a 000 j spa d
020 _a9789945421439
040 _aDO-SdBPM
_bspa
_cBPMSU
082 4 _aRD863.44
_bD159c 2008
_222
100 1 _aDamirón, Anya
245 1 4 _a Los cuentos de Lucía /
_cAnya Damirón; ilustraciones Pablo Pino.
260 _aSanto Domingo, :
_bHuggies,
_c2008.
300 _a12 p. :
_bil. ;
_c26 cm.
590 _aInventariado, 2025/VM
650 4 _aCuentos infantiles dominicanos
650 4 _aLiteratura infantil dominicana
700 1 _aPino, Pablo
_eilustración
830 0 _a
910 _aVMateo V. Control de calidad. BPMSU
942 _2ddc
_cBK
956 _a
_b
_c
_l
_h
956 _a
_b
_c
_l
_h
956 _a VMATEO
_b 10
_c 20170526
_lBPMSU
_h 0069
999 _c12570
_d12570